1830 1258 1664 1425 1367 1768 1324 1422 1703 1767 1987 1636 1052 1986 1284 1606 1700 1722 1389 1418 1175 1636 1795 1036 1144 1826 1571 1976 1454 1587 1755 1852 1057 1818 1721 1201 1421 1395 1897 1714 1234 1171 1000 1429 1107 1193 1208 1315 1618 1712 1368 1234 1751 1006 1060 1687 1260 1099 1004 1715 1544 1973 1953 1018 1421 1910 1643 1580 1773 1040 1306 1127 1585 1827 1756 1700 1450 1053 1962 1974 1802 1172 1027 1839 1339 1633 1607 1212 1988 1780 1581 1044 1152 1434 1169 1497 1291 1417 1422 BCNSPRNW ULIB Ver.6.0+V

เปลี่ยนเป็นภาษาไทย

Change to English
 แสดงรายละเอียดบรรณานุกรม
  กลับหน้าหลัก

Brief Record : Get Marc (ISO 2709) : E-mail record : QR code < ปิดหน้าต่าง
LEADER : 00000nam 2200000uu 4500
001    13399113464
003     ULIB
008    111121s2553||||th 000 0 tha d
020    ^a9786167017372
090    ^aนว.^bณ111ล 2553
100 0  ^aณ ห้วงรัก
245 00 ^aเล่ห์ร้ายสวาทรัก/^cณ ห้วงรัก
250    ^aพิมพ์ครั้งที่ 1
260    ^aกรุงเทพฯ :^bอักษรศาสตร์,^c2553
300    ^a406 หน้า
710 1  ^aอักษรศาสตร์
945    ^p279^l0^i17050
995    ^aกัณชพร
999    ^aใช้งานได้ทุกระบบ
รายการนี้ยังไม่มีแท็ก
คุณยังไม่ได้ล็อกอิน คุณสามารถมีกิจกรรมร่วมกับเว็บไซต์ได้ แต่ต้องล็อกอินก่อน ::
  ล็อกอิน

รายการสื่อสารสนเทศ

ลำดับที่ ประเภท เลขเรียก/บาร์โค้ด สถานที่ สถานะ
1. นวนิยาย
นวนิยาย
นว. ณ111ล 2553  
  Barcode: 17050
ห้องสมุดวิทยาเขตสวรรค์ประชารักษ์
►นวนิยาย
บนชั้น
  ขอยืม

BibComment


ยังไม่เคยถูกคอมเมนท์

คอมเมนท์ทรัพยากรรายการนี้
  คอมเมนท์: เล่ห์ร้ายสวาทรัก..


 Copyright 2026. Bcnsprnw @Library